000 00917nam a2200265 i 4500
003 DO-SdBNP
005 20231229103001.0
007 ta
008 110408s2003 dr 000 0 spa d
040 _aDO-SdBNP
_bspa
_cBNPHU
_erda
082 _bM478
_222
100 1 _aMcCausland, Nelson
_984748
242 _aThe sunday question /
_cSociedad para la observancia del día del señor
245 1 0 _a¿Qué dice la biblia acerca del domingo? /
_cNelson McCausland ; traducción Salvador Gómez Dickson, Marta de Russo
264 1 _aSanto Domingo :
_bPalabra fiel,
_c2003.
300 _a40 páginas
_c22 cm.
336 _2rdacontent
_atexto
_btxt
337 _2rdamedia
_asin mediación
_bn
338 _2rdacarrier
_avolumen
_bnc
590 _aInventariado, 2023/ YL
700 1 _aGómez Dickson, Salvador
_etraductor
_984749
700 1 _aRusso, Marta de
_etraductor
_984750
910 _aYLockward
942 _2ddc
_cLF2
999 _c55643
_d55643